| 000 | 00465nam a2200181Ia 4500 | ||
|---|---|---|---|
| 005 | 20250423094837.0 | ||
| 008 | 250422s9999 xx 000 0 und d | ||
| 020 | _a9789350142271 | ||
| 050 | _aTK 5105.5 .G87/ | ||
| 100 | _aGupta, Deepak | ||
| 245 | 0 | _aComputer networks with LAN and networking concepts | |
| 260 | _aNew Delhi | ||
| 260 | _bS. K. Kataria and Sons | ||
| 260 | _c2013 | ||
| 300 | _a275 p | ||
| 650 | _a Computer networks. | ||
| 942 | _cBK | ||
| 999 |
_c28467 _d28467 |
||